[Event "MP do lat 16 - dziewczeta"]
[Site "Sypniewo"]
[Date "2022.03.23"]
[Round "5.9"]
[White "Grzesik, Nikola"]
[Black "Kucharska, Helena"]
[Result "1/2-1/2"]
[BlackElo "1687"]
[WhiteElo "1374"]
[LiveChessVersion "1.4.8"]

1. c4 {[%clk 1:30:59]} e5 {[%clk 1:28:23]} 2. Nc3 {[%clk 1:31:23]} Nf6
{[%clk 1:26:44]} 3. g3 {[%clk 1:31:46]} d5 {[%clk 1:17:18]} 4. cxd5
{[%clk 1:31:46]} Nxd5 {[%clk 1:17:33]} 5. Bg2 {[%clk 1:32:09]} Nxc3
{[%clk 1:13:13]} 6. bxc3 {[%clk 1:32:01]} c6 {[%clk 1:13:14]} 7. Qc2
{[%clk 1:31:24]} Be6 {[%clk 1:09:49]} 8. Nf3 {[%clk 1:30:45]} Nd7
{[%clk 1:09:56]} 9. O-O {[%clk 1:30:01]} Be7 {[%clk 1:09:42]} 10. Rd1
{[%clk 1:27:47]} O-O {[%clk 1:08:44]} 11. d4 {[%clk 1:17:21]} Qc7
{[%clk 1:06:31]} 12. Rb1 {[%clk 1:15:10]} exd4 {[%clk 1:02:49]} 13. Nxd4
{[%clk 1:14:00]} Nc5 {[%clk 0:57:52]} 14. Bf4 {[%clk 1:08:51]} Qc8
{[%clk 0:57:29]} 15. e4 {[%clk 0:49:54]} a5 {[%clk 0:51:21]} 16. Be3
{[%clk 0:42:41]} Re8 {[%clk 0:45:34]} 17. f4 {[%clk 0:38:40]} Bc4
{[%clk 0:41:34]} 18. Nf5 {[%clk 0:35:58]} Bf8 {[%clk 0:39:51]} 19. Bh3
{[%clk 0:29:03]} Qc7 {[%clk 0:37:43]} 20. e5 {[%clk 0:24:10]} Bd5
{[%clk 0:33:48]} 21. Qe2 {[%clk 0:18:06]} b5 {[%clk 0:27:01]} 22. Bd4
{[%clk 0:12:32]} Na4 {[%clk 0:20:02]} 23. Qg4 {[%clk 0:02:49]} Re6
{[%clk 0:19:05]} 24. Nxg7 {[%clk 0:01:20]} Rg6 {[%clk 0:17:21]} 25. Qh5
{[%clk 0:01:40]} Bxg7 {[%clk 0:16:07]} 26. f5 {[%clk 0:01:19]} Bxe5
{[%clk 0:12:03]} 27. fxg6 {[%clk 0:00:55]} Bxd4+ {[%clk 0:12:20]} 28. Rxd4
{[%clk 0:00:54]} fxg6 {[%clk 0:10:56]} 29. Qg5 {[%clk 0:00:45]} Nxc3
{[%clk 0:09:16]} 30. Re1 {[%clk 0:00:48]} Qf7 {[%clk 0:06:28]} 31. Re7
{[%clk 0:00:41]} Qf3 {[%clk 0:04:44]} 32. Rxd5 {[%clk 0:00:47]} Nxd5
{[%clk 0:04:13]} 33. Be6+ {[%clk 0:01:07]} Kh8 {[%clk 0:03:51]} 34. Bxd5
{[%clk 0:01:07]} Qd1+ {[%clk 0:02:50]} 35. Kf2 {[%clk 0:01:06]} Qc2+
{[%clk 0:02:59]} 36. Kg1 {[%clk 0:00:45]} Qd1+ {[%clk 0:02:59]} 37. Kf2
{[%clk 0:01:06]} Qd4+ {[%clk 0:02:56]} 38. Kf1 {[%clk 0:00:55]} Qd1+
{[%clk 0:01:01]} 39. Kf2 {[%clk 0:01:11]} Qc2+ {[%clk 0:01:00]} 40. Ke1
{[%clk 0:30:57]} Qc3+ {[%clk 0:31:01]} 41. Ke2 {[%clk 0:27:10]} Qc2+
{[%clk 0:29:24]} 42. Ke1 {[%clk 0:21:27]} Qc3+ {[%clk 0:28:36]} 43. Ke2
{[%clk 0:21:07]} Qc2+ {[%clk 0:26:33]} 44. Ke1 {[%clk 0:21:02]} Qc3+
{[%clk 0:26:43]} 45. Ke2 {[%clk 0:17:41]} Kg8 1/2-1/2

[Event "MP do lat 16 - dziewczeta"]
[Site "Sypniewo"]
[Date "2022.03.23"]
[Round "5.10"]
[White "Obrochta, Lena"]
[Black "Pastuszko, Katarzyna"]
[Result "1-0"]
[BlackElo "1422"]
[WhiteElo "1685"]
[LiveChessVersion "1.4.8"]

1. e4 {[%clk 1:30:57]} e5 {[%clk 1:30:03]} 2. Nf3 {[%clk 1:30:51]} Nc6
{[%clk 1:30:06]} 3. Bc4 {[%clk 1:30:28]} Bc5 {[%clk 1:29:50]} 4. d3
{[%clk 1:30:10]} Nf6 {[%clk 1:29:31]} 5. c3 {[%clk 1:29:52]} h6 {[%clk 1:27:22]}
6. b4 {[%clk 1:26:40]} Bb6 {[%clk 1:25:06]} 7. b5 {[%clk 1:25:05]} Na5
{[%clk 1:23:10]} 8. Nxe5 Nxc4 {[%clk 1:20:01]} 9. Nxc4 {[%clk 1:18:56]} Bxf2+
{[%clk 1:11:22]} 10. Kxf2 {[%clk 1:12:50]} d5 {[%clk 1:09:03]} 11. exd5
{[%clk 1:10:37]} Ng4+ {[%clk 1:06:10]} 12. Kg1 {[%clk 1:09:09]} O-O
{[%clk 1:00:51]} 13. h3 {[%clk 1:07:57]} Nf6 {[%clk 0:52:47]} 14. Qf3
{[%clk 1:03:34]} Nxd5 {[%clk 0:47:20]} 15. Kh2 {[%clk 1:03:20]} Be6
{[%clk 0:45:35]} 16. Rf1 {[%clk 1:02:43]} f5 {[%clk 0:44:03]} 17. Ba3
{[%clk 0:54:48]} Rf6 {[%clk 0:38:23]} 18. Nbd2 {[%clk 0:46:47]} Qe8
{[%clk 0:26:50]} 19. Rae1 {[%clk 0:34:25]} g5 {[%clk 0:21:37]} 20. Ne3
{[%clk 0:32:21]} g4 {[%clk 0:15:10]} 21. Nxd5 {[%clk 0:32:33]} Rg6
{[%clk 0:11:22]} 22. Qg3 {[%clk 0:31:46]} gxh3 {[%clk 0:09:31]} 23. Qxg6+
{[%clk 0:31:46]} Qxg6 {[%clk 0:09:35]} 24. Ne7+ {[%clk 0:32:00]} 1-0

[Event "MP do lat 16 - dziewczeta"]
[Site "Sypniewo"]
[Date "2022.03.23"]
[Round "5.11"]
[White "Skolska, Emilia"]
[Black "Arciszewska, Zuzanna"]
[Result "1/2-1/2"]
[BlackElo "1589"]
[WhiteElo "1362"]
[LiveChessVersion "1.4.8"]

1. e4 {[%clk 1:30:56]} e5 {[%clk 1:30:49]} 2. Nf3 {[%clk 1:31:19]} Nc6
{[%clk 1:31:10]} 3. Bc4 {[%clk 1:31:36]} Bc5 {[%clk 1:31:15]} 4. c3
{[%clk 1:31:53]} Nf6 {[%clk 1:31:32]} 5. d4 {[%clk 1:32:13]} exd4
{[%clk 1:31:29]} 6. cxd4 {[%clk 1:32:31]} Bb4+ {[%clk 1:31:27]} 7. Nc3
{[%clk 1:32:41]} Nxe4 {[%clk 1:30:06]} 8. O-O {[%clk 1:32:48]} Bxc3
{[%clk 1:23:45]} 9. d5 {[%clk 1:31:50]} Ne5 {[%clk 1:17:30]} 10. Qe2
{[%clk 1:23:03]} O-O {[%clk 1:11:06]} 11. bxc3 {[%clk 1:18:25]} Nxc4
{[%clk 1:10:01]} 12. Qxe4 {[%clk 1:17:44]} Nd6 {[%clk 1:09:46]} 13. Qd3
{[%clk 1:12:06]} Qf6 {[%clk 0:55:03]} 14. Nd4 {[%clk 0:50:50]} b6
{[%clk 0:53:56]} 15. Ba3 {[%clk 0:46:45]} Bb7 {[%clk 0:41:28]} 16. c4
{[%clk 0:42:43]} Rfe8 {[%clk 0:40:43]} 17. Rac1 {[%clk 0:34:56]} a6
{[%clk 0:33:39]} 18. c5 {[%clk 0:28:09]} bxc5 {[%clk 0:32:41]} 19. Rxc5
{[%clk 0:28:23]} Nb5 {[%clk 0:22:39]} 20. Nxb5 {[%clk 0:23:39]} axb5
{[%clk 0:23:07]} 21. Rxc7 {[%clk 0:23:50]} Ba6 {[%clk 0:23:03]} 22. Bb4
{[%clk 0:23:36]} Qf4 {[%clk 0:23:30]} 23. Qc3 {[%clk 0:23:28]} Re4
{[%clk 0:22:46]} 24. a3 {[%clk 0:22:28]} Rc4 {[%clk 0:22:30]} 25. Rxc4
{[%clk 0:22:18]} bxc4 {[%clk 0:22:56]} 26. Re1 {[%clk 0:20:27]} f6
{[%clk 0:16:18]} 27. f3 {[%clk 0:09:33]} Qf5 {[%clk 0:14:07]} 28. d6
{[%clk 0:08:33]} Qd3 {[%clk 0:09:18]} 29. Re3 {[%clk 0:08:04]} Qxc3
{[%clk 0:06:52]} 30. Bxc3 {[%clk 0:05:31]} Rb8 {[%clk 0:06:55]} 31. Bb4
{[%clk 0:05:56]} Bb5 {[%clk 0:06:06]} 32. Kf2 {[%clk 0:05:50]} Kf7
{[%clk 0:03:42]} 1/2-1/2

[Event "MP do lat 16 - dziewczeta"]
[Site "Sypniewo"]
[Date "2022.03.23"]
[Round "5.12"]
[White "Dallemura, Anna"]
[Black "Pudelko, Magdalena"]
[Result "0-1"]
[BlackElo "1407"]
[WhiteElo "1518"]
[LiveChessVersion "1.4.8"]

1. e4 {[%clk 1:30:59]} c5 {[%clk 1:31:00]} 2. Nf3 {[%clk 1:31:16]} d6
{[%clk 1:31:26]} 3. d4 {[%clk 1:31:34]} cxd4 {[%clk 1:31:55]} 4. Nxd4
{[%clk 1:31:55]} Nf6 {[%clk 1:32:23]} 5. Nc3 {[%clk 1:32:09]} a6 {[%clk 1:32:51]}
6. Be2 {[%clk 1:31:59]} e5 {[%clk 1:33:11]} 7. Nf3 {[%clk 1:31:51]} Be7
{[%clk 1:33:32]} 8. h3 {[%clk 1:31:46]} b5 {[%clk 1:32:46]} 9. a3
{[%clk 1:30:49]} Bb7 {[%clk 1:33:09]} 10. Qd3 {[%clk 1:27:44]} Nbd7
{[%clk 1:32:41]} 11. Be3 {[%clk 1:27:03]} Qc7 {[%clk 1:32:28]} 12. Rd1
{[%clk 1:26:14]} Nc5 {[%clk 1:26:52]} 13. Bxc5 {[%clk 1:24:05]} dxc5
{[%clk 1:26:54]} 14. Qe3 {[%clk 1:22:34]} O-O {[%clk 1:25:46]} 15. O-O
{[%clk 1:21:20]} Rfd8 {[%clk 1:22:01]} 16. Nd2 {[%clk 1:12:58]} Rd4
{[%clk 1:14:28]} 17. Bf3 {[%clk 1:08:20]} c4 {[%clk 1:14:06]} 18. g3
{[%clk 0:59:40]} Bc5 {[%clk 1:13:22]} 19. Qe2 {[%clk 0:59:17]} Rad8
{[%clk 1:11:12]} 20. Bg2 {[%clk 0:54:07]} h6 {[%clk 0:59:31]} 21. Rfe1
{[%clk 0:51:44]} Qa5 {[%clk 0:45:55]} 22. Ncb1 {[%clk 0:40:18]} Qb6
{[%clk 0:44:41]} 23. b4 {[%clk 0:34:50]} cxb3 {[%clk 0:43:33]} 24. cxb3
{[%clk 0:35:19]} Rd3 {[%clk 0:40:44]} 25. b4 {[%clk 0:32:43]} Bd4
{[%clk 0:36:34]} 26. Kf1 {[%clk 0:28:43]} Bb2 {[%clk 0:31:25]} 27. Nc4
{[%clk 0:20:41]} bxc4 {[%clk 0:31:27]} 28. Rxd3 {[%clk 0:21:06]} Rxd3
{[%clk 0:28:36]} 29. Qxb2 {[%clk 0:21:27]} Qd4 {[%clk 0:28:48]} 30. Qxd4
{[%clk 0:18:37]} exd4 {[%clk 0:29:17]} 31. e5 {[%clk 0:18:27]} Bxg2+
{[%clk 0:29:45]} 32. Kxg2 {[%clk 0:18:56]} Nd5 {[%clk 0:29:49]} 33. Kf1
{[%clk 0:17:43]} Nc3 {[%clk 0:26:20]} 34. Nxc3 {[%clk 0:12:10]} Rxc3
{[%clk 0:26:48]} 35. Ke2 {[%clk 0:11:55]} Rxa3 {[%clk 0:25:58]} 36. Rc1
{[%clk 0:11:49]} Ra2+ {[%clk 0:25:08]} 37. Kf3 {[%clk 0:11:57]} c3
{[%clk 0:25:19]} 38. Rd1 {[%clk 0:09:41]} c2 {[%clk 0:25:16]} 39. Rc1
{[%clk 0:09:48]} d3 {[%clk 0:25:42]} 40. Ke3 {[%clk 0:40:04]} Ra3
{[%clk 0:55:50]} 41. Kd2 {[%clk 0:39:50]} Rb3 {[%clk 0:56:12]} 42. f4
{[%clk 0:33:51]} Rb1 {[%clk 0:56:34]} 43. g4 {[%clk 0:33:58]} Rxc1
{[%clk 0:57:00]} 44. Kxc1 {[%clk 0:34:28]} Kf8 {[%clk 0:57:25]} 45. Kd2
{[%clk 0:34:48]} Ke7 {[%clk 0:57:49]} 46. f5 {[%clk 0:34:39]} Kd7
{[%clk 0:57:36]} 47. h4 {[%clk 0:31:33]} g5 {[%clk 0:56:59]} 48. h5
{[%clk 0:27:32]} Kc6 {[%clk 0:57:19]} 49. e6 {[%clk 0:27:29]} fxe6
{[%clk 0:57:41]} 0-1

[Event "MP do lat 16 - dziewczeta"]
[Site "Sypniewo"]
[Date "2022.03.23"]
[Round "5.13"]
[White "Szczotka, Matylda"]
[Black "Idzior, Izabela"]
[Result "1-0"]
[BlackElo "1369"]
[WhiteElo "1479"]
[LiveChessVersion "1.4.8"]

1. e4 {[%clk 1:30:58]} e5 {[%clk 1:29:28]} 2. Nf3 {[%clk 1:31:19]} Nc6
{[%clk 1:29:48]} 3. Bb5 {[%clk 1:31:40]} a6 {[%clk 1:29:59]} 4. Ba4
{[%clk 1:32:01]} Nf6 {[%clk 1:30:18]} 5. d3 {[%clk 1:32:18]} b5 {[%clk 1:30:20]}
6. Bb3 {[%clk 1:32:37]} Bc5 {[%clk 1:30:30]} 7. Nbd2 {[%clk 1:31:54]} Bb7
{[%clk 1:29:39]} 8. O-O {[%clk 1:29:58]} O-O {[%clk 1:29:27]} 9. c3
{[%clk 1:26:40]} d6 {[%clk 1:28:24]} 10. h3 {[%clk 1:23:10]} Bb6 {[%clk 1:26:32]}
11. Re1 {[%clk 1:19:45]} Ne7 {[%clk 1:24:22]} 12. Nf1 {[%clk 1:17:48]} Ng6
{[%clk 1:22:20]} 13. Ng3 {[%clk 1:16:30]} c6 {[%clk 1:20:04]} 14. Nf5
{[%clk 1:06:53]} Qc7 {[%clk 1:14:39]} 15. Bg5 {[%clk 0:58:10]} Nd7
{[%clk 1:08:36]} 16. h4 {[%clk 0:49:59]} h6 {[%clk 0:58:03]} 17. h5
{[%clk 0:43:13]} d5 {[%clk 0:53:20]} 18. hxg6 {[%clk 0:39:50]} hxg5
{[%clk 0:52:49]} 19. Ne7+ {[%clk 0:31:48]} Kh8 {[%clk 0:52:43]} 20. gxf7
{[%clk 0:28:09]} Qd6 {[%clk 0:48:52]} 21. Nxg5 {[%clk 0:21:26]} Bxf2+
{[%clk 0:46:54]} 22. Kxf2 {[%clk 0:19:53]} Qf6+ {[%clk 0:47:08]} 23. Qf3
{[%clk 0:19:26]} Qxg5 {[%clk 0:47:02]} 24. Rh1+ {[%clk 0:19:42]} Qh6
{[%clk 0:47:23]} 1-0

[Event "MP do lat 16 - dziewczeta"]
[Site "Sypniewo"]
[Date "2022.03.23"]
[Round "5.14"]
[White "Pietrzak, Emilia"]
[Black "Boguszewska, Julia"]
[Result "1-0"]
[BlackElo "1034"]
[WhiteElo "1474"]
[LiveChessVersion "1.4.8"]

1. d4 {[%clk 1:30:07]} d5 {[%clk 1:30:54]} 2. c4 {[%clk 1:30:33]} e6
{[%clk 1:31:17]} 3. Nf3 {[%clk 1:30:53]} Nf6 {[%clk 1:31:39]} 4. g3
{[%clk 1:31:17]} Bb4+ {[%clk 1:31:39]} 5. Bd2 {[%clk 1:31:19]} Be7
{[%clk 1:32:02]} 6. Bg2 {[%clk 1:31:22]} Nbd7 {[%clk 1:32:20]} 7. b3
{[%clk 1:28:37]} b6 {[%clk 1:20:15]} 8. Nc3 {[%clk 1:24:36]} dxc4
{[%clk 1:17:46]} 9. bxc4 {[%clk 1:24:40]} Bb7 {[%clk 1:17:26]} 10. O-O
{[%clk 1:16:19]} O-O {[%clk 1:16:23]} 11. Qb3 {[%clk 1:11:56]} Ne4
{[%clk 1:02:57]} 12. Nxe4 {[%clk 1:01:15]} Bxe4 {[%clk 1:02:57]} 13. Rfd1
{[%clk 1:00:16]} Nf6 {[%clk 0:58:29]} 14. Bc3 {[%clk 0:57:42]} Qc8
{[%clk 0:50:31]} 15. Bh3 {[%clk 0:53:14]} Qa6 {[%clk 0:18:02]} 16. Ng5
{[%clk 0:39:14]} Bc6 {[%clk 0:16:54]} 17. a4 {[%clk 0:37:07]} Qb7
{[%clk 0:12:26]} 18. a5 {[%clk 0:33:08]} bxa5 {[%clk 0:10:34]} 19. Qxb7
{[%clk 0:27:33]} Bxb7 {[%clk 0:11:02]} 20. Rxa5 {[%clk 0:27:03]} Ne4
{[%clk 0:04:52]} 21. Nxe4 {[%clk 0:26:17]} Bxe4 {[%clk 0:05:21]} 22. Rda1
{[%clk 0:26:46]} Bf6 {[%clk 0:02:43]} 23. Rxa7 {[%clk 0:23:33]} c5
{[%clk 0:00:54]} 24. Rxa8 {[%clk 0:23:23]} Rxa8 {[%clk 0:01:21]} 25. Rxa8+
{[%clk 0:23:32]} Bxa8 {[%clk 0:01:49]} 26. e3 {[%clk 0:23:02]} Kf8
{[%clk 0:01:22]} 27. Bg2 {[%clk 0:21:28]} Bxg2 {[%clk 0:01:35]} 28. Kxg2
{[%clk 0:21:56]} Ke7 {[%clk 0:02:00]} 29. Kf3 {[%clk 0:22:10]} Kd6
{[%clk 0:02:09]} 30. dxc5+ {[%clk 0:17:50]} Kxc5 {[%clk 0:02:22]} 31. Bxf6
{[%clk 0:18:16]} gxf6 {[%clk 0:02:49]} 32. Kg4 {[%clk 0:18:22]} Kxc4
{[%clk 0:01:48]} 33. Kh5 {[%clk 0:18:46]} Kd5 {[%clk 0:01:47]} 34. Kh6
{[%clk 0:15:11]} e5 {[%clk 0:00:35]} 35. Kxh7 {[%clk 0:13:41]} Ke4
{[%clk 0:00:56]} 36. Kg7 {[%clk 0:13:26]} f5 {[%clk 0:01:00]} 37. h4
{[%clk 0:13:22]} Kf3 {[%clk 0:00:59]} 38. Kf6 {[%clk 0:12:01]} Kxf2
{[%clk 0:00:58]} 39. Kxe5 {[%clk 0:41:28]} Kxg3 {[%clk 0:31:03]} 40. h5
{[%clk 0:41:50]} Kf3 {[%clk 0:30:41]} 41. Kxf5 {[%clk 0:42:08]} 1-0

[Event "MP do lat 16 - dziewczeta"]
[Site "Sypniewo"]
[Date "2022.03.23"]
[Round "5.15"]
[White "Kicinska, Magdalena"]
[Black "Bialek, Alicja"]
[Result "0-1"]
[BlackElo "1383"]
[WhiteElo "1436"]
[LiveChessVersion "1.4.8"]

1. d4 {[%clk 1:30:59]} g6 {[%clk 1:30:57]} 2. Nf3 {[%clk 1:31:23]} Bg7
{[%clk 1:31:23]} 3. c3 {[%clk 1:31:36]} d6 {[%clk 1:31:37]} 4. Bg5
{[%clk 1:30:56]} h6 {[%clk 1:31:33]} 5. Bh4 {[%clk 1:31:11]} f5 {[%clk 1:31:38]}
6. e3 {[%clk 1:30:33]} g5 {[%clk 1:31:41]} 7. Bg3 {[%clk 1:30:33]} Nf6
{[%clk 1:31:35]} 8. Bc4 {[%clk 1:29:01]} e6 {[%clk 1:31:04]} 9. Qb3
{[%clk 1:28:00]} Qe7 {[%clk 1:31:26]} 10. Nbd2 {[%clk 1:25:59]} O-O
{[%clk 1:26:47]} 11. h3 {[%clk 1:16:47]} Nc6 {[%clk 1:18:21]} 12. Qc2
{[%clk 1:15:55]} Kh8 {[%clk 1:17:46]} 13. Be2 {[%clk 1:13:10]} e5
{[%clk 0:57:11]} 14. dxe5 {[%clk 1:08:07]} dxe5 {[%clk 0:56:53]} 15. Nc4
{[%clk 1:07:31]} f4 {[%clk 0:46:22]} 16. Bh2 {[%clk 1:05:49]} b5 {[%clk 0:26:30]}
17. Ncd2 {[%clk 1:00:59]} a6 {[%clk 0:22:24]} 18. Ne4 {[%clk 0:57:13]} Bf5
{[%clk 0:21:13]} 19. Bd3 {[%clk 0:57:03]} Rad8 {[%clk 0:21:02]} 20. Nfd2
{[%clk 0:55:18]} Nd5 {[%clk 0:08:43]} 21. g4 {[%clk 0:48:09]} Ndb4
{[%clk 0:05:48]} 22. cxb4 {[%clk 0:47:19]} Nxb4 {[%clk 0:06:17]} 23. Qb1
{[%clk 0:43:43]} Nxd3+ {[%clk 0:06:30]} 24. Ke2 {[%clk 0:43:58]} Bh7
{[%clk 0:05:37]} 25. a3 {[%clk 0:41:10]} Nxf2 {[%clk 0:03:02]} 26. Rf1
{[%clk 0:36:12]} Nxe4 {[%clk 0:02:42]} 27. Nxe4 {[%clk 0:36:34]} Qe6
{[%clk 0:01:45]} 28. Qc2 f3+ {[%clk 0:02:13]} 29. Rxf3 {[%clk 0:35:24]} Rxf3
{[%clk 0:02:32]} 30. Kxf3 {[%clk 0:35:50]} Rf8+ {[%clk 0:02:44]} 31. Ke2
{[%clk 0:33:49]} Qd5 {[%clk 0:02:47]} 32. Rd1 {[%clk 0:33:55]} Qxe4 33. Qxc7
{[%clk 0:34:23]} Qg2+ {[%clk 0:03:01]} 34. Ke1 Rf1# 0-1

[Event "MP do lat 16 - dziewczeta"]
[Site "Sypniewo"]
[Date "2022.03.23"]
[Round "5.16"]
[White "Zalewska, Malgorzata"]
[Black "Gaczol, Julia"]
[Result "0-1"]
[BlackElo "1462"]
[WhiteElo "1338"]
[LiveChessVersion "1.4.8"]

1. e4 {[%clk 1:30:58]} c5 {[%clk 1:30:56]} 2. Nf3 {[%clk 1:31:13]} d6
{[%clk 1:31:04]} 3. d4 {[%clk 1:31:35]} cxd4 {[%clk 1:31:29]} 4. Nxd4
{[%clk 1:32:01]} Nf6 {[%clk 1:31:52]} 5. Nc3 {[%clk 1:32:23]} a6 {[%clk 1:32:12]}
6. f3 {[%clk 1:32:47]} e5 {[%clk 1:32:37]} 7. Nb3 {[%clk 1:33:07]} Be7
{[%clk 1:31:23]} 8. Be3 {[%clk 1:33:13]} Be6 {[%clk 1:31:43]} 9. g4
{[%clk 1:33:05]} b5 {[%clk 1:29:34]} 10. h4 {[%clk 1:30:01]} b4 {[%clk 1:15:50]}
11. Ne2 {[%clk 1:26:19]} a5 {[%clk 1:13:23]} 12. Ng3 {[%clk 1:21:56]} a4
{[%clk 1:04:29]} 13. Nd2 {[%clk 1:20:51]} O-O {[%clk 1:02:51]} 14. h5
{[%clk 1:18:32]} Nfd7 {[%clk 1:01:34]} 15. Bc4 {[%clk 1:17:02]} Nb6
{[%clk 1:00:09]} 16. Bxe6 {[%clk 1:15:42]} fxe6 {[%clk 1:00:21]} 17. Qe2
{[%clk 1:14:49]} N8d7 {[%clk 0:53:51]} 18. Kf2 {[%clk 1:03:27]} d5
{[%clk 0:50:52]} 19. exd5 {[%clk 1:03:49]} exd5 {[%clk 0:51:12]} 20. Bxb6
{[%clk 1:03:15]} Qxb6+ {[%clk 0:51:33]} 21. Kg2 {[%clk 1:03:38]} Rac8
{[%clk 0:47:46]} 22. Qd3 {[%clk 0:59:27]} Qc5 {[%clk 0:32:18]} 23. Nf5
{[%clk 0:57:23]} Bg5 {[%clk 0:30:38]} 24. Rad1 {[%clk 0:52:38]} Nf6
{[%clk 0:28:05]} 25. Qa6 {[%clk 0:46:56]} Rce8 {[%clk 0:15:34]} 26. h6
{[%clk 0:35:49]} gxh6 {[%clk 0:11:19]} 27. Nxh6+ {[%clk 0:35:47]} Kh8
{[%clk 0:11:32]} 28. Nf5 {[%clk 0:22:09]} e4 {[%clk 0:08:20]} 29. Qb7
{[%clk 0:12:03]} Rg8 {[%clk 0:05:15]} 30. fxe4 {[%clk 0:04:46]} Bxd2
{[%clk 0:04:24]} 31. Rxh7+ {[%clk 0:01:17]} Nxh7 {[%clk 0:04:45]} 32. Rh1
{[%clk 0:01:42]} Rxg4+ {[%clk 0:04:04]} 33. Kf3 {[%clk 0:01:05]} Rf4+
{[%clk 0:03:38]} 34. Ke2 {[%clk 0:01:30]} Rfxe4+ {[%clk 0:03:25]} 35. Kd1
{[%clk 0:00:42]} Re1+ {[%clk 0:03:37]} 36. Rxe1 {[%clk 0:00:49]} Rxe1+
{[%clk 0:04:04]} 37. Kxd2 {[%clk 0:01:13]} Qf2+ {[%clk 0:04:31]} 0-1

[Event "MP do lat 16 - dziewczeta"]
[Site "Sypniewo"]
[Date "2022.03.23"]
[Round "5.17"]
[White "Gornisiewicz, Natalia"]
[Black "Staniewicz, Adrianna"]
[Result "1-0"]
[BlackElo "1376"]
[WhiteElo "1485"]
[LiveChessVersion "1.4.8"]

1. Nf3 {[%clk 1:29:12]} Nf6 {[%clk 1:30:50]} 2. c4 {[%clk 1:29:27]} b6
{[%clk 1:30:28]} 3. g3 {[%clk 1:29:30]} Bb7 {[%clk 1:30:38]} 4. Bg2
{[%clk 1:29:33]} g6 {[%clk 1:30:13]} 5. b3 {[%clk 1:28:28]} Bg7 {[%clk 1:29:49]}
6. Bb2 {[%clk 1:28:23]} d6 {[%clk 1:28:57]} 7. O-O {[%clk 1:28:02]} Nbd7
{[%clk 1:28:00]} 8. d4 {[%clk 1:26:33]} O-O {[%clk 1:26:52]} 9. Nc3
{[%clk 1:25:20]} Rb8 {[%clk 1:25:16]} 10. e3 {[%clk 1:22:37]} e5 {[%clk 1:20:43]}
11. dxe5 {[%clk 1:19:34]} dxe5 {[%clk 1:18:23]} 12. Qc2 {[%clk 1:13:48]} Re8
{[%clk 1:13:00]} 13. Rfd1 {[%clk 1:09:42]} Qc8 {[%clk 1:09:37]} 14. Rd2
{[%clk 1:02:20]} Nc5 {[%clk 1:02:46]} 15. Rc1 {[%clk 0:47:59]} Nfe4
{[%clk 0:54:24]} 16. Rdd1 {[%clk 0:43:13]} f5 {[%clk 0:50:49]} 17. b4
{[%clk 0:38:30]} Nxc3 {[%clk 0:48:53]} 18. Bxc3 {[%clk 0:37:38]} Ne4
{[%clk 0:47:10]} 19. Bb2 {[%clk 0:36:43]} Qe6 {[%clk 0:42:58]} 20. Nd2
{[%clk 0:29:51]} Nf6 {[%clk 0:38:37]} 21. f3 {[%clk 0:26:03]} Rbd8
{[%clk 0:33:29]} 22. Nb3 {[%clk 0:24:12]} Rxd1+ {[%clk 0:27:51]} 23. Rxd1
{[%clk 0:24:12]} e4 {[%clk 0:27:27]} 24. f4 {[%clk 0:21:28]} Qe7 {[%clk 0:25:09]}
25. a3 {[%clk 0:19:27]} Rd8 {[%clk 0:23:43]} 26. h3 {[%clk 0:17:44]} Kf7
{[%clk 0:21:52]} 27. Bf1 {[%clk 0:16:00]} Nh5 {[%clk 0:18:22]} 28. Bxg7
{[%clk 0:14:58]} Nxg7 {[%clk 0:18:27]} 29. c5 {[%clk 0:13:55]} Ne6
{[%clk 0:13:55]} 30. Bc4 {[%clk 0:12:03]} Rxd1+ {[%clk 0:11:16]} 31. Qxd1
{[%clk 0:11:40]} Ke8 {[%clk 0:10:58]} 32. cxb6 {[%clk 0:09:17]} axb6
{[%clk 0:10:31]} 33. Nd4 {[%clk 0:07:56]} Nf8 {[%clk 0:07:18]} 34. Qa4+
{[%clk 0:06:29]} Nd7 {[%clk 0:05:53]} 35. Qa7 {[%clk 0:06:15]} Bc8
{[%clk 0:05:07]} 36. Qa8 {[%clk 0:06:00]} Qd6 {[%clk 0:02:38]} 37. Qxc8+
{[%clk 0:05:59]} Ke7 {[%clk 0:03:02]} 38. Qg8 {[%clk 0:05:07]} Nf6
{[%clk 0:02:50]} 39. Qf7+ {[%clk 0:04:24]} Kd8 {[%clk 0:03:11]} 40. Ba6
{[%clk 0:32:08]} c5 {[%clk 0:31:16]} 41. Ne6+ {[%clk 0:32:24]} Qxe6
{[%clk 0:31:20]} 42. Qxe6 {[%clk 0:32:48]} 1-0